चिंतन के आयाम : (Record no. 113451)

MARC details
000 -LEADER
fixed length control field 01097nam a22002537a 4500
005 - DATE AND TIME OF LATEST TRANSACTION
control field 20170124102953.0
010 ## - LIBRARY OF CONGRESS CONTROL NUMBER
LC control number A-738439
020 ## - INTERNATIONAL STANDARD BOOK NUMBER
Terms of availability 50.00
035 ## - SYSTEM CONTROL NUMBER
System control number A-738439
037 ## - SOURCE OF ACQUISITION
Source of stock number/acquisition Cen Lib/Ret
040 ## - CATALOGING SOURCE
Original cataloging agency DPL
Language of cataloging HN
082 ## - DEWEY DECIMAL CLASSIFICATION NUMBER
Classification number 824
Item number चिंतन
245 ## - TITLE STATEMENT
Title चिंतन के आयाम :
Statement of responsibility, etc संपादक सोहनलाल पटनी
Remainder of title निबंध संकलन /
246 ## - VARYING FORM OF TITLE
Title proper/short title Chintan ke aayam : nibandh sankalan /
Remainder of title edited by Sohanlal Patni
260 ## - PUBLICATION, DISTRIBUTION, ETC. (IMPRINT)
Place of publication, distribution, etc उदयपुर
Name of publisher, distributor, etc राजिस्थान साहित्य आकादेमी
Date of publication, distribution, etc 1995
270 ## - ADDRESS
Address हिरण मगरी, सेक्टर 4
City उदयपुर
Postal code 313001
300 ## - PHYSICAL DESCRIPTION
Extent 140पृ.
Dimensions 21सेमी (सजिल्द)
650 ## - SUBJECT ADDED ENTRY--TOPICAL TERM
Topical term or geographic name as entry element हिंदी साहित्य
9 (RLIN) 52288
650 ## - SUBJECT ADDED ENTRY--TOPICAL TERM
Topical term or geographic name as entry element हिंदी साहित्य--निबंध
9 (RLIN) 52289
650 ## - SUBJECT ADDED ENTRY--TOPICAL TERM
Topical term or geographic name as entry element Hindi literature
9 (RLIN) 52290
650 ## - SUBJECT ADDED ENTRY--TOPICAL TERM
Topical term or geographic name as entry element Hindi literature--Essay
9 (RLIN) 8630
700 ## - ADDED ENTRY--PERSONAL NAME
Personal name सोहनलाल पटनी
9 (RLIN) 52291
942 ## - ADDED ENTRY ELEMENTS (KOHA)
Source of classification or shelving scheme Dewey Decimal Classification
Koha item type Hindi Books
Classification part 824
Call number suffix चिंतन
Holdings
Withdrawn status Lost status Damaged status Not for loan Home library Current library Date acquired Source of acquisition Cost, normal purchase price Total Checkouts Full call number Barcode Date last seen Copy number Cost, replacement price Price effective from Koha item type
        Central Library Central Library 12/08/2015 Cen Lib/Ret 50.00   824 चिंतन A-738439 12/08/2015 1 50.00 12/08/2015 Hindi Books

© Delhi Public Library
Hit Counter
free hit counter